Desarrollo de un atenuador de luz con base en el MC9S08 de freescale

Zapisane w:
Opis bibliograficzny
1. autor: Puscar, Julián
Format: Książka
Język:Spanish
Wydane: [San José, Costa Rica] 2012
Hasła przedmiotowe:
Etykiety: Dodaj etykietę
Nie ma etykietki, Dołącz pierwszą etykiete!

MARC

LEADER 00000nam a22000007a 4500
003 011731
005 20230830142442.0
008 151001b2012 cr a|||| |||| 00| ||spa d
040 |c cru CEDI 
090 |a TFG 6901 
100 |9 1250  |a Puscar, Julián  
245 |a  Desarrollo de un atenuador de luz con base en el MC9S08 de freescale  
260 |a [San José, Costa Rica]   |c 2012 
300 |a  vii, 74 hojas : ilustraciones 
500 |a Proyecto de graduación (bachillerato de ingeniería eléctrica)--Universidad de Costa Rica. Facultad de Ingeniería. Escuela de Ingeniería Eléctrica, 
501 |a Profesora Guía de IE-0502 Proyecto Eléctrico: Ing. Geovanny Delgado 
650 |x ELECTRONICA DIGITAL  |x ELECTRONICA - APARATOS E INSTRUMENTOS  |x DISEÑO DE CIRCUITOS ELECTRONICOS  |x DISTRIBUCION DE ENERGIA ELECTRICA  |9 1251 
942 |c CEDI 
999 |c 14044  |d 14044